| 000 | 00762nam a2200229Ii 4500 | ||
|---|---|---|---|
| 003 | JO-AjNU | ||
| 008 | 230605s9999||||xx |||||||||||||| ||und|| | ||
| 017 | _a92/7718 | ||
| 020 | _a977-5116-96-1 | ||
| 040 |
_aJO-AjNU _bara _erda _cJO-AjNU |
||
| 041 | _aara | ||
| 050 | 1 | 4 | _aLC189.A22 1993 |
| 100 | 3 |
_aأحمد،عبد السميع سيد مؤلف/عمار،حامد مقدم, _eauthor _936043 |
|
| 245 | 0 | 0 | _aدراسات في علم الإجتماع التربوي |
| 250 | _aط1 | ||
| 264 | 3 | 1 | _aالإسكندرية:دار المعرفة الجامعية،1993 |
| 300 | _a271ص | ||
| 336 |
_atext _btxt _2rdacontent |
||
| 337 |
_aunmediated _bn _2rdamedia |
||
| 338 |
_avolume _bnc _2rdacarrier |
||
| 650 | 4 |
_aالتربية-علم إجتماع _936044 |
|
| 999 |
_aA14939 _c18507 _d18507 |
||